Một số vấn đề khoa học xã hội về đồng bằng sông Cửu Long

Một số báo cáo chính trị tại Hội nghị khao học xã hội về đồng bằng sông Cửu Long: môi trường và thiên nhiên, lịch sử xã hội, kinh tế xã hội, tiềm năng nông nghiệp, văn hoá, dân tộc Khơme, dân số và phân bố lại lao động... (Tp Hồ chí Minh - 10/1981)...

全面介绍

Đã lưu trong:
书目详细资料
主要作者: Nguyễn Khánh Toàn
其他作者: Trần Văn Giầu (Tác giả), Đào Văn Tập (Tác giả), Nông Quốc Chấn (Tác giả), Dương Hồng Hiên (Tác giả), Nguyễn Công Bình (Tác giả)
格式: 图书
语言:Vietnamese
出版: H. Khoa học xã hội 1982
主题:
标签: 添加标签
没有标签, 成为第一个标记此记录!
Thư viện lưu trữ: Mạng thư viện Đại học Đà Nẵng
LEADER 01500nam a22003858a 4500
001 000014148
003 10505
005 20120329150314.0
008 120329s1982 b 000 0 vieod
020 |c 25000đ  |d 10200b 
041 0 |a vie 
082 |a 330.95978  |b NG-T 
084 |a Ô  |b M458S 
100 1 |a Nguyễn Khánh Toàn 
245 1 0 |a Một số vấn đề khoa học xã hội về đồng bằng sông Cửu Long  |c Nguyễn Khánh Toàn, Nguyễn Công Bình, Đào Văn Tập, ... 
260 |a H.  |b Khoa học xã hội  |c 1982 
300 |a 416tr  |c 19cm 
520 |a Một số báo cáo chính trị tại Hội nghị khao học xã hội về đồng bằng sông Cửu Long: môi trường và thiên nhiên, lịch sử xã hội, kinh tế xã hội, tiềm năng nông nghiệp, văn hoá, dân tộc Khơme, dân số và phân bố lại lao động... (Tp Hồ chí Minh - 10/1981) 
653 |a Nông nghiệp 
653 |a đồng bằng sông Cửu Long 
653 |a hội nghị khoa học 
653 |a xã hội 
700 1 |a Trần Văn Giầu  |e Tác giả 
700 1 |a Đào Văn Tập  |e Tác giả 
700 1 |a Nông Quốc Chấn  |e Tác giả 
700 1 |a Dương Hồng Hiên  |e Tác giả 
700 1 |a Nguyễn Công Bình  |e Tác giả 
OWN |a LSP 
999 |a From the UDN01 
TYP |a Monograph 
TYP |a Printed language 
980 |a Mạng thư viện Đại học Đà Nẵng